00497nam a22001457a 450000500170000002000180001708200140003510000210004924500510007026000690012130000110019094200120020199900190021395201190023220260202150344.0 a9789395161572 a579 ANE.A aAneja K.R.99055 aA textbook of basic and applied microbiology / aNew Delhi:bNew age international (P) limited, publisherscc2024 a774 p. 2ddccBK c755667d755667 00102ddc4070aBOTbBOTcGiftd2026-02-02l1o579 ANE.ApBOTG95r2026-05-25 12:16:03s2026-03-25w2026-02-02yBK